Formule 1 - Plus jeunes vainqueurs - Statistiques

Statistiques générales
  • Ce quiz a été pris 13 fois
  • Le résultat moyen est 10 sur 20
Statistiques - réponses
Rang Pilote Âge Pays % Correct
1 Max Verstappen 18a 07m 15j langfr-1920px-Flag_of_the_Netherlands.svg.png
100%
2 Andrea Kimi Antonelli 19a 06m 18j langfr-1920px-Flag_of_Italy.svg.png
91%
4 Charles Leclerc 21a 10m 16j langfr-1920px-Flag_of_Monaco.svg.png
82%
3 Sebastian Vettel 21a 02m 11j langfr-1920px-Flag_of_Germany.svg.png
82%
5 Fernando Alonso 22a 00m 26j langfr-1920px-Flag_of_Spain.svg.png
73%
10 Kimi Räikkönen 23a 05m 06j langfr-1920px-Flag_of_Finland.svg.png
73%
8 Lewis Hamilton 22a 05m 03j langfr-1920px-Flag_of_the_United_Kingdom_%283-5%29.svg.png
73%
12 Jacky Ickx 23a 06m 06j langfr-1920px-Flag_of_Belgium_%28civil%29.svg.png
64%
11 Robert Kubica 23a 06m 01j langfr-1920px-Flag_of_Poland.svg.png
64%
18 Lando Norris 24a 05m 22j langfr-1920px-Flag_of_the_United_Kingdom_%283-5%29.svg.png
55%
13 Michael Schumacher 23a 07m 27j langfr-1920px-Flag_of_Germany.svg.png
55%
7 Bruce McLaren 22a 03m 12j langfr-3840px-Flag_of_New_Zealand.svg.png
45%
14 Emerson Fittipaldi 23a 09m 22j langfr-1920px-Flag_of_Brazil.svg.png
45%
9 Oscar Piastri 23a 03m 15j langfr-3840px-Flag_of_Australia_%28converted%29.svg.png?utm_source=fr.wikipedia.org&utm_campaign=parser&utm_content=thumbnail
45%
19 David Coulthard 24a 05m 28j langfr-1920px-Flag_of_the_United_Kingdom_%283-5%29.svg.png
36%
16 Jody Scheckter 24a 04m 11j 1920px-Flag_of_South_Africa_%281928%E2%80%931994%2C_dark_colors%29.svg.png?utm_source=commons.wikimedia.org&utm_campaign=index&utm_content=thumbnail&_=20210106174733
36%
17 Elio De Angelis 24a 04m 20j langfr-1920px-Flag_of_Italy.svg.png
0%
15 Mike Hawthorn 24a 02m 25j langfr-1920px-Flag_of_the_United_Kingdom_%283-5%29.svg.png
0%
20 Peter Collins 24a 06m 28j langfr-1920px-Flag_of_the_United_Kingdom_%283-5%29.svg.png
0%
6 Troy Ruttman 22a 02m 19j langfr-3840px-Flag_of_the_United_States_%28Pantone%29.svg.png
0%
Aucun quiz correspondant
Distribution des résultats
% des personnes avec chaque résultat
Percentile par nombre de réponses
Votre historique - résultats
Vous n’avez pas pris ce quiz